| 000 | 00438nam a22001697a 4500 | ||
|---|---|---|---|
| 003 | OSt | ||
| 008 | 210913b ||||| |||| 00| 0 eng d | ||
| 020 | _a9789390175369 | ||
| 082 |
_a519.5 _bKUS/BA |
||
| 100 |
_aKushwaha,K S _95089 |
||
| 100 |
_aRajesh kumar _95090 |
||
| 245 | _aBasic Concepts In Statistics | ||
| 260 |
_aNew Delhi _bNew India Publishing Agency _c2021 |
||
| 300 | _a194 Pages | ||
| 650 |
_aStatistics _95004 |
||
| 942 | _cBK | ||
| 999 |
_c17411 _d17411 |
||